000 00393nam a22001697a 4500
005 20160527093308.0
008 160527b xxu||||| |||| 00| 0 eng d
020 _a81-7660-053-9
041 _aeng
082 _b5367
100 _aRao, A.P.
_9490
245 _aFinancial Management
260 _aNew Delhi
_bAcademic Faundation
300 _a417
650 _aManagement
_9241
942 _cBK
999 _c1901
_d1900